|
|
|
|
| LEADER |
00944nam a22002297a 4500 |
| 001 |
27683 |
| 003 |
BD-DhAAL |
| 005 |
20140205164016.0 |
| 008 |
140205s2013 bg a|||| ||||f00| 0 eng d |
| 040 |
|
|
|a BD-DhAAL
|c BD-DhAAL
|
| 082 |
|
|
|2 22
|a 385.1095492
|
| 245 |
|
|
|a Railway communication :
|b present and future
|
| 260 |
|
|
|a Dhaka :
|b Finance Division, Ministry of Finance, Government of the People’s Republic of Bangladesh,
|c 2013
|
| 300 |
|
|
|a 60 p. :
|b ill. ;
|c 28 cm.
|
| 541 |
|
|
|e 27683
|
| 650 |
|
|
|a Railroads
|x Finance.
|z Bangladesh
|9 3809
|
| 650 |
|
|
|a Railroads and state
|z Bangladesh
|9 3810
|
| 710 |
|
|
|a Ministry of Finance, Government of the People's Republic of Bangladesh
|b Finance Division
|9 3804
|
| 852 |
|
|
|a Ayesha Abed Library
|c General Stacks
|
| 942 |
|
|
|2 ddc
|c BK
|
| 999 |
|
|
|c 14165
|d 14165
|
| 952 |
|
|
|0 0
|1 0
|2 ddc
|4 0
|6 385_109549200000000_RAI
|7 0
|9 23877
|a BRACUL
|b BRACUL
|c GEN
|d 2014-02-05
|l 0
|o 385.1095492 RAI
|p 3010027683
|r 2014-02-05
|t 1
|w 2014-02-05
|y BK
|